| 000 | 00776cam a2200253 a 4500 | ||
|---|---|---|---|
| 001 | 142102 | ||
| 005 | 20231122013418.0 | ||
| 008 | 981218s1999 enka b 001 0 eng d | ||
| 020 | _a0761952160 | ||
| 020 | _a0761952179 (pbk.) | ||
| 040 |
_aUk _cUk _dNN _dDLC |
||
| 082 | 0 | 4 |
_a305.4201 _221 |
| 245 | 0 | 0 |
_aAdorno, culture, and feminism / _cedited by Maggie O'Neill. |
| 250 | _a9th | ||
| 260 |
_aLondon ; _aThousand Oaks, Calif. : _bSAGE Publications, _c1999. |
||
| 300 | _axi, 194 p. : | ||
| 650 | 0 | _aCulture. | |
| 650 | 0 | _aFeminist theory. | |
| 650 | 0 | _aCritical theory. | |
| 700 | 1 |
_aO'Neill, Maggie. _eedt |
|
| 856 | 4 | 2 | _uhttp://www.loc.gov/catdir/enhancements/fy0656/98061887-d.html |
| 856 | 4 | 1 | _uhttp://www.loc.gov/catdir/enhancements/fy0656/98061887-t.html |
| 942 | _cL | ||
| 999 |
_c34 _d34 |
||